| 000 | 005460000a22001930004500 | ||
|---|---|---|---|
| 001 | 004923 | ||
| 003 | MACL | ||
| 005 | 20150804144743.0 | ||
| 008 | 150804b xxu||||| |||| 00| 0 eng d | ||
| 040 |
_aMACL _cMACL |
||
| 041 | _aEnglish | ||
| 082 | _a370/AIC | ||
| 100 |
_aAich, Deepak Kumar _94606 |
||
| 245 |
_aEmergence Of Modern Bengal Elite _bA Study Of Progress In Education 1854-1917 _cDeepak Kumar Aich |
||
| 260 |
_aCalcutta _c1995 _bMinerva Asociates Publications, |
||
| 350 | _a225 | ||
| 650 |
_aEducation _94607 |
||
| 942 |
_k370 _cBK _2ddc |
||
| 999 |
_c16806 _d16806 |
||